Power play [sound recording] : Joseph Finder.
Record details
- ISBN: 1427201234
- Physical Description: 7 sound discs (8.5 hrs.) : digital ; 4 3/4 in.
- Edition: Unabridged edition
- Publisher: New York : Audio Renaissance, 2007.
Content descriptions
| General Note: | "Includes bonus interview with the author" - container. |
| Participant or Performer Note: | Read by Dennis Boutsikaris. |
Search for related items by subject
| Subject: | Audiobooks. Management retreats > Fiction. Executives > Crimes against > Fiction. Hostages > Fiction. |
Available copies
- 1 of 1 copy available at scottsboropl.
Holds
- 0 current holds with 1 total copy.
Show Only Available Copies
| Location | Call Number / Copy Notes | Barcode | Shelving Location | Status | Due Date |
|---|---|---|---|---|---|
| scottsboropl | BK/CD Fin | 32269000810922 | Adult - Audiobook | Available | - |
| LDR | 01050cim a2200313 a 4500 | ||
|---|---|---|---|
| 001 | 130630 | ||
| 003 | CONS | ||
| 005 | 20140703073306.0 | ||
| 007 | sd fsngnnmmned | ||
| 008 | 070720s2007 nyunnn e f eng d | ||
| 020 | . | ‡a1427201234 | |
| 024 | 8 | . | ‡z9781427201232 |
| 035 | . | ‡a(CPomAG)LMN500846 | |
| 050 | 0 | 0. | ‡aPS3556.I458 ‡bP69 2007 |
| 082 | 0 | 0. | ‡a813/.54 ‡222 |
| 100 | 1 | . | ‡aFinder, Joseph |
| 245 | 1 | 0. | ‡aPower play ‡h[sound recording] : ‡cJoseph Finder. |
| 250 | . | ‡aUnabridged edition | |
| 260 | . | ‡aNew York : ‡bAudio Renaissance, ‡c2007. | |
| 300 | . | ‡a7 sound discs (8.5 hrs.) : ‡bdigital ; ‡c4 3/4 in. | |
| 500 | . | ‡a"Includes bonus interview with the author" - container. | |
| 511 | 1 | . | ‡aRead by Dennis Boutsikaris. |
| 650 | 0. | ‡aAudiobooks. | |
| 650 | 0. | ‡aManagement retreats ‡vFiction. | |
| 650 | 0. | ‡aExecutives ‡xCrimes against ‡vFiction. | |
| 650 | 0. | ‡aHostages ‡vFiction. | |
| 700 | 1 | . | ‡aBoutsikaris, Dennis. |
| 959 | . | ‡i32269000810922 ‡lBK/CD Fin ‡aAdult - Audiobook ‡tAudiobook ‡g29.95 | |
| 852 | . | ‡p32269000810922 ‡jBK/CD Fin ‡gAdult - Audiobook ‡cAudiobook ‡y29.95 ‡bSBPL | |
| 901 | . | ‡a130630 ‡bUnknown ‡c130630 ‡tbiblio | |